LEADER 02505nam 2200649 450 001 9910460166803321 005 20200520144314.0 010 $a3-11-039649-1 010 $a3-486-78132-4 024 7 $a10.1524/9783486781328 035 $a(CKB)3710000000323391 035 $a(EBL)1642672 035 $a(SSID)ssj0001402335 035 $a(PQKBManifestationID)11833618 035 $a(PQKBTitleCode)TC0001402335 035 $a(PQKBWorkID)11360334 035 $a(PQKB)10356283 035 $a(MiAaPQ)EBC1642672 035 $a(DE-B1597)233886 035 $a(OCoLC)897035420 035 $a(OCoLC)903964185 035 $a(DE-B1597)9783486781328 035 $a(Au-PeEL)EBL1642672 035 $a(CaPaEBR)ebr11008008 035 $a(CaONFJC)MIL783685 035 $a(OCoLC)898769740 035 $a(EXLCZ)993710000000323391 100 $a20150130h20142014 uy 0 101 0 $ager 135 $aur|n|---||||| 181 $ctxt 182 $cc 183 $acr 200 10$aKompendium der diskreten Mathematik /$fBernd Baumgarten 210 1$aMunich, Germany :$cDe Gruyter,$d2014. 210 4$d©2014 215 $a1 online resource (388 p.) 225 0 $aDe Gruyter Studium 300 $aDescription based upon print version of record. 311 $a3-486-75697-4 320 $aIncludes bibliographical references and index. 327 $t Frontmatter -- $tInhaltsverzeichnis -- $t1. Einleitung -- $t2. Mengen -- $t3. Relationen und Funktionen -- $t4. Logik -- $t5. Zahlen und Anzahlen -- $t6. Graphen -- $t7. Algebra -- $t8. Diskrete Wahrscheinlichkeitstheorie -- $tLiteratur -- $tStichwortverzeichnis 330 $aDas Kompendium präsentiert die für ein Mathematik- oder Informatikstudium benötigten Grundlagen der diskreten Mathematik in kompakter Form. Alle wichtigen Themen wie Mengen, Relationen und Funktionen, Logik, Graphen, abstrakte und lineare Algebra sowie diskrete Wahrscheinlichkeitstheorie werden abgedeckt. Damit erweist sich das Buch als nützlicher Begleiter für viele Vorlesungen im Studium. 410 3$aDe Gruyter Studium 606 $aComputer science$xMathematics 608 $aElectronic books. 615 0$aComputer science$xMathematics. 676 $a004.01/51 686 $aSK 890$2rvk 700 $aBaumgarten$b Bernd$01051907 801 0$bMiAaPQ 801 1$bMiAaPQ 801 2$bMiAaPQ 906 $aBOOK 912 $a9910460166803321 996 $aKompendium der diskreten Mathematik$92482762 997 $aUNINA LEADER 02892nam 2200589 a 450 001 9910145428403321 005 20230109185732.0 010 $a1-281-31897-3 010 $a9786611318970 010 $a0-470-69201-4 010 $a0-470-69129-8 035 $a(CKB)1000000000402422 035 $a(EBL)350978 035 $a(OCoLC)608622577 035 $a(SSID)ssj0000115725 035 $a(PQKBManifestationID)11135689 035 $a(PQKBTitleCode)TC0000115725 035 $a(PQKBWorkID)10026257 035 $a(PQKB)10241859 035 $a(MiAaPQ)EBC350978 035 $a(Au-PeEL)EBL350978 035 $a(CaPaEBR)ebr10232591 035 $a(CaONFJC)MIL131897 035 $a(EXLCZ)991000000000402422 100 $a20061109d2007 uy 0 101 0 $aeng 135 $aur|n|---||||| 181 $ctxt 182 $cc 183 $acr 200 10$aBuilding maintenance management$b[electronic resource] /$fBarrie Chanter and Peter Swallow 205 $a2nd ed. 210 $aOxford ;$aMalden, MA $cBlackwell$d2007 215 $a1 online resource (333 p.) 300 $aDescription based upon print version of record. 311 $a1-4051-3506-9 320 $aIncludes bibliographical references and index. 327 $aBUILDING MAINTENANCE MANAGEMENT; Contents; Preface to the Second Edition; Preface to the First Edition; About the Authors; Acknowledgements; Abbreviations; Chapter 1: The Changing Context within which Building Maintenance Operates; Chapter 2: The Maintenance Dimension; Chapter 3: Maintenance Organisations; Chapter 4: The Design/Maintenance Relationship; Chapter 5: The Nature of Maintenance Work; Chapter 6: Information Management; Chapter 7: Maintenance Planning; Chapter 8: Maintenance Contracts; Chapter 9: The Execution of Building Maintenance; Appendix 1: Statistics 327 $aAppendix 2: Methods of Financial AppraisalIndex 330 $aThis new edition of an informative and accessible book guides building surveyors and facilities managers through the key aspects of property maintenance and continues to be of value to both students and practitioners.With the increasing cost of new-build, effective maintenance of existing building stock is becoming ever more important and building maintenance work now represents nearly half of total construction output in the UK.Building Maintenance Management provides a comprehensive profile of the many aspects of property maintenance. This second edition has been updated thro 606 $aBuildings$xMaintenance$xManagement 615 0$aBuildings$xMaintenance$xManagement. 676 $a658.2/02 700 $aChanter$b Barrie$0993408 701 $aSwallow$b Peter$0993409 801 0$bMiAaPQ 801 1$bMiAaPQ 801 2$bMiAaPQ 906 $aBOOK 912 $a9910145428403321 996 $aBuilding maintenance management$92274630 997 $aUNINA